Subcategory Multiple Choice: Miscellaneous II Quiz Stats

 Plays Quiz Updated Jan 10, 2018

Challenge
Share
Tweet
Embed
Score 0/15 Timer 04:00
19 Plays Today
Question Answer Wrong Answers
Automobiles
Which German car company has models such as the Passat and Jetta?
Volkswagen
93.1%
BMW
2.1%
Audi
3.2%
Mercedes-Benz
1.5%
Numbers
What is the least common multiple of 3 and 4?
12
80.9%
20
5.4%
8
6.6%
16
4%
Logo
Which Premier League team's logo includes a cannon?
Arsenal
75.3%
Chelsea
5.8%
Manchester United
9.5%
Liverpool
6.3%
Popular
Which of these songwriters has won a Nobel Prize for Literature?
Bob Dylan
71.9%
Elton John
7.7%
John Lennon
13.9%
Billy Joel
3.3%
Slogans
Which credit card company name finishes the slogan 'For everything else, there's _______'?
MasterCard
68.2%
Visa
11.1%
American Express
10.4%
Discover
6.6%
Letter
What is the most common letter in the English language?
E
67%
S
9.5%
A
15.1%
T
5.7%
Food
Which of these burger ingredients is not found on a Big Mac?
Tomato
64.3%
Pickles
9.9%
Lettuce
3.8%
Onions
20.5%
Justice
Which of these Marvel heroes was not present in 'The Avengers'?
Spider-Man
64.1%
Hawkeye
15.5%
Thor
5.1%
Black Widow
12.6%
Baby Names
What was the top baby name for girls beginning with 'E' in 2010?
Emma
59%
Elizabeth
6.2%
Ella
11%
Emily
23.5%
General Knowledge
Which of these historic figures does not have his portrait on the front of American currency?
John Adams
57.5%
Benjamin Franklin
3.9%
Ulysses S. Grant
21.1%
Alexander Hamilton
15.5%
Company
Which of these athletics companies originated in Japan?
Asics
51.5%
Nike
18.9%
Adidas
12.1%
Reebok
16.3%
Restaurants
Which of these restaurants was not named for a real person?
Denny's
49.8%
Tim Hortons
14%
Bob Evans
12.8%
Wendy's
19.9%
University
Which Big Ten university was home to famous alums Franco Harris and Keegan-Michael Key?
Penn State
48.3%
Michigan
24.3%
Indiana
12.3%
Wisconsin
11%
Grab Bag
Which of these Sporcle subcategories is found in History?
Art
22.2%
Quote
18.8%
Mythology
36.1%
Classical
20.6%
College
What was the top-ranked national university according to 2017 U.S. News & World Report?
Princeton University
21.4%
University of Chicago
2.7%
Harvard University
60.1%
Stanford University
14.9%

You're not logged in!

Compare scores with friends on all Sporcle quizzes.
Join for Free
OR
Log In

You Might Also Like...

Show Comments

Extras

Top Quizzes Today


Score Distribution

Your Account Isn't Verified!

In order to create a playlist on Sporcle, you need to verify the email address you used during registration. Go to your Sporcle Settings to finish the process.

Report this User

Report this user for behavior that violates our Community Guidelines.

Details: